Dilemas de los funcionarios punta de lanza en la gestión ambiental en Río San Juan, Nicaragua /

Este articulo analiza el papel normativo que desempeñan las instituciones del Estado y Gobierno Municipal en la gestión ambiental llevada a cabo en el municipio de El Castillo, Nicaragua, en cuanto a la protección de la Reserva Biológica Indio Maíz, y el uso y aprovechamiento de los recursos natural...

Ful tanımlama

Kaydedildi:
Detaylı Bibliyografya
Yazar: Barrios J., Mariana
Diğer Yazarlar: Broegaard, Rikke J.
Materyal Türü: Metin
Konular:
Etiketler: Etiketle
Etiket eklenmemiş, İlk siz ekleyin!

MARC

LEADER 00000 a a2200000 04500
001 6939
003
040
100 |a Barrios J., Mariana  
245 |a Dilemas de los funcionarios punta de lanza en la gestión ambiental en Río San Juan, Nicaragua /  |c Mariana Barrios J. 
520 |a Este articulo analiza el papel normativo que desempeñan las instituciones del Estado y Gobierno Municipal en la gestión ambiental llevada a cabo en el municipio de El Castillo, Nicaragua, en cuanto a la protección de la Reserva Biológica Indio Maíz, y el uso y aprovechamiento de los recursos naturales en su zona de amortiguamiento. Muchos de los intereses que entran "en juego" sobre el manejo de los recursos naturales no son compatibles. Hay grandes diferencias entre las reglas y normas formales y las prácticas realizadas en el territorio, además de que hay normas y políticas que son contradictorias. Aunque se reconoce en la literatura internacional la importancia de dilemas a los que se enfrentan los "funcionarios punta de lanza" para entender los cuellos de botella reales, aún hay un vacío en la literatura. Así, este articulo presenta y analiza los dilemas de las instituciones y sus funcionarios que trabajan en la gestión ambiental en el municipio de El Castillo, una zona de alta pobreza  
650 |a GESTION AMBIENTAL  
650 |a CONSERVACION DE LOS RECURSOS  
650 |a RECURSOS NATURALES  
650 |a POLITICA AMBIENTAL  
650 |a LEGISLACION AMBIENTAL  
650 |a SECTOR AGRARIO  
650 |a POBREZA  
650 |a ECONOMIA  
650 |a GOBIERNO LOCAL  
650 |a ESTADO  
650 |a INVESTIGACION  
650 |a METODOLOGIA  
650 |a NICARAGUA  
700 |a Broegaard, Rikke J.  
773 |g volumen 39, número 77; páginas 9-28  
999 |c 23667  |d 23667